Gifts and Strangers (Record no. 17814)

MARC details
000 -LEADER
fixed length control field 00733nam a2200253 a 4500
020 ## - INTERNATIONAL STANDARD BOOK NUMBER
ISBN 0809182
082 00 - DEWEY DECIMAL CLASSIFICATION NUMBER
Classification number 266
Author Cutter GIT
100 ## - MAIN ENTRY--AUTHOR NAME
Author name Gittins, Anthony J
245 ## - TITLE STATEMENT
Title Gifts and Strangers
Sub title Meeting the Challenge of Inculturation.
260 ## - PUBLICATION, DISTRIBUTION, ETC. (IMPRINT)
Place of publication New York
Name of publisher Paulist Press
Year of publication 1989
300 ## - PHYSICAL DESCRIPTION
Number of Pages 144p
500 ## - GENERAL NOTE
General note includes index and biblioraphy
505 2# - FORMATTED CONTENTS NOTE
Formatted contents note Footnotes ofthe list of the names/ chaiers of "Holy Land"
650 ## - SUBJECT ADDED ENTRY--TOPICAL TERM
Topical Term Theology-Inculturation
650 ## - SUBJECT ADDED ENTRY--TOPICAL TERM
Topical Term Catholic Church Missions-India
942 ## - ADDED ENTRY ELEMENTS (KOHA)
Koha item type Books
700 1# -
-- Gittins, Anthony J
Holdings
Collection code Home library Current library Date acquired Cost, normal purchase price Full call number Accession Number Koha item type
  Henry Martyn Institute Library Henry Martyn Institute Library 07/11/2007 582.75 266 GIT 11001052 Books
                   Copyright © 2026 | Henry Martyn Institute | Hyderabad | TS-500052 | INDIA | Implemented by hmi.edu.in
Hit-Count:

Powered by Koha